[Event "Berlin op 08"]
[Site "Berlin"]
[Date "2002.08.21"]
[Round "5"]
[White "Fischer, Rudi"]
[Black "Schwarz, Uwe"]
[Result "1-0"]
[WhiteElo "1908"]
[BlackElo "1546"]
[PlyCount "76"]
[EventDate "2002.08.17"]
[EventType "swiss"]
[EventRounds "9"]
[EventCountry "GER"]
[SourceTitle "EXT 2007"]
[Source "ChessBase"]
[SourceDate "2006.11.23"]
[SourceVersion "1"]
[SourceVersionDate "2006.11.23"]
[SourceQuality "1"]

1. d4 f5 2. Bg5 d6 3. f4 Nd7 4. Nf3 Ngf6 5. Bxf6 Nxf6 6. e3 g6 7. Bc4 e6 8. c3 Bg7 9. Qb3 Qe7 10. Nbd2 c6 11. a4 0-0 12. 0-0 Kh8 13. Bd3 Nd5 14. Rae1 a5 15. g3 e5 16. e4 fxe4 17. Bxe4 Be6 18. c4 Nb4 19. dxe5 dxe5 20. Nxe5 Bxe5 21. fxe5 Rxf1+ 22. Kxf1 Rf8+ 23. Kg2 Qd7 24. Qe3 Rd8 25. Re2 Qd4 26. Qf4 Qd7 27. Qf6+ Kg8 28. h4 Rf8 29. Qg5 Bh3+ 30. Kh2 Bf1 31. Nxf1 Rxf1 32. e6 Qd1 33. Rd2 Qe1 34. Rd8+ Kg7 35. Rd7+ Kg8 36. Qd8+ Rf8 37. Qe7 Qf2+ 38. Bg2 Qf6 1-0

[Event "Berlin op 08"]
[Site "Berlin"]
[Date "2002.08.17"]
[Round "1"]
[White "Jaeger, Andre"]
[Black "Schwarz, Uwe"]
[Result "1-0"]
[WhiteElo "1924"]
[BlackElo "1546"]
[PlyCount "53"]
[EventDate "2002.08.17"]
[EventType "swiss"]
[EventRounds "9"]
[EventCountry "GER"]
[SourceTitle "EXT 2007"]
[Source "ChessBase"]
[SourceDate "2006.11.23"]
[SourceVersion "1"]
[SourceVersionDate "2006.11.23"]
[SourceQuality "1"]

1. d4 f5 2. Bg5 Nf6 3. Bxf6 exf6 4. e3 d5 5. Bd3 g6 6. Qf3 Be6 7. Ne2 c6 8. Nd2 Nd7 9. Nf4 Bf7 10. 0-0 Bd6 11. a3 h5 12. c4 g5 13. Ne2 Be6 14. Ng3 f4 15. exf4 Bxf4 16. Bg6+ Kf8 17. Rfe1 Bg4 18. Qd3 Kg7 19. Ngf1 h4 20. h3 Bh5 21. Bxh5 Rxh5 22. cxd5 cxd5 23. Qf3 Kg6 24. Qxd5 g4 25. Qe4+ Kg5 26. hxg4 Kxg4 27. Qg6+ 1-0